<?xml version="1.0" encoding="UTF-8"?>
<record
    xmlns:xsi="http://www.w3.org/2001/XMLSchema-instance"
    xsi:schemaLocation="http://www.loc.gov/MARC21/slim http://www.loc.gov/standards/marcxml/schema/MARC21slim.xsd"
    xmlns="http://www.loc.gov/MARC21/slim">

  <leader>05262nam a2200469 a 4500</leader>
  <controlfield tag="003">CHAP</controlfield>
  <controlfield tag="005">20250506111455.0</controlfield>
  <controlfield tag="007">ta</controlfield>
  <controlfield tag="008">230711s2022    mx ado|fom||| 001 0 spa d</controlfield>
  <datafield tag="040" ind1=" " ind2=" ">
    <subfield code="e">rda</subfield>
  </datafield>
  <datafield tag="100" ind1="1" ind2=" ">
    <subfield code="9">185733</subfield>
    <subfield code="a">S&#xE1;nchez Sosa, Jazm&#xED;n</subfield>
  </datafield>
  <datafield tag="240" ind1="1" ind2="0">
    <subfield code="a">Determination of bioactive peptides in cotija cheese from Michoacan and valuation of attributes in consumers.</subfield>
    <subfield code="l">Espa&#xF1;ol</subfield>
  </datafield>
  <datafield tag="245" ind1="1" ind2="0">
    <subfield code="a">Determinaci&#xF3;n de p&#xE9;ptidos bioactivos en queso cotija de Michoac&#xE1;n y atributos de valoraci&#xF3;n en consumidores /</subfield>
    <subfield code="c">Jazm&#xED;n S&#xE1;nchez Sosa</subfield>
  </datafield>
  <datafield tag="264" ind1=" " ind2=" ">
    <subfield code="a">Chapingo, M&#xE9;xico :</subfield>
    <subfield code="b">El autor,</subfield>
    <subfield code="c">2022</subfield>
  </datafield>
  <datafield tag="300" ind1=" " ind2=" ">
    <subfield code="a">1 recurso en l&#xED;nea (v, 148 p&#xE1;ginas) :</subfield>
    <subfield code="b">ilustraciones, diagramas, gr&#xE1;ficas, tablas, fotos</subfield>
  </datafield>
  <datafield tag="336" ind1=" " ind2=" ">
    <subfield code="2">rdacontent</subfield>
    <subfield code="a">texto</subfield>
    <subfield code="b">txt</subfield>
  </datafield>
  <datafield tag="337" ind1=" " ind2=" ">
    <subfield code="2">rdamedia</subfield>
    <subfield code="a">computadora</subfield>
    <subfield code="b">c</subfield>
  </datafield>
  <datafield tag="338" ind1=" " ind2=" ">
    <subfield code="2">rdacarrier</subfield>
    <subfield code="a">recurso en l&#xED;nea</subfield>
    <subfield code="b">cr</subfield>
  </datafield>
  <datafield tag="502" ind1=" " ind2=" ">
    <subfield code="a">Tesis</subfield>
    <subfield code="b">MCTA</subfield>
    <subfield code="c">Agroindustrias</subfield>
    <subfield code="d">2022</subfield>
    <subfield code="g">MAE</subfield>
  </datafield>
  <datafield tag="504" ind1=" " ind2=" ">
    <subfield code="a">Incluye bibliograf&#xED;as</subfield>
  </datafield>
  <datafield tag="520" ind1="3" ind2=" ">
    <subfield code="a">El queso Cotija Regi&#xF3;n de Origen es un queso madurado elaborado en la zona serrana entre los estados de Jalisco y Michoac&#xE1;n. Su importancia abarca aspectos nutricionales, sensoriales, comerciales, simb&#xF3;licos y culturales. Los objetivos de la presente investigaci&#xF3;n fueron determinar atributos de valoraci&#xF3;n tangibles e intangibles en sus consumidores y actividades biol&#xF3;gicas presentes durante su proceso de maduraci&#xF3;n. Los resultados mostraron que los valores humanos no influyen de manera directa en el consumo de queso Cotija, sin embargo, el significado psicol&#xF3;gico otorgado fue mayormente simb&#xF3;lico. La disposici&#xF3;n a pagar un sobreprecio por queso Cotija tradicional, org&#xE1;nico, elaborado por peque&#xF1;os productores y con alguna protecci&#xF3;n jur&#xED;dico-econ&#xF3;mica fue de 13.5% en promedio. Adem&#xE1;s, se encontr&#xF3; que los atributos de valoraci&#xF3;n que podr&#xED;an influir al momento de realizar la elecci&#xF3;n de queso Cotija fueron origen, precio y que cuente con alguna protecci&#xF3;n jur&#xED;dico-econ&#xF3;mica. Durante el proceso de maduraci&#xF3;n del queso se evidenciaron cambios fisicoqu&#xED;micos, como la disminuci&#xF3;n en los contenidos de humedad y prote&#xED;na, as&#xED; como el aumento en la concentraci&#xF3;n de sal y grasa. En los extractos acuosos de los quesos, se observ&#xF3; una disminuci&#xF3;n en el contenido de prote&#xED;na soluble y se relacion&#xF3; con el proceso de prote&#xF3;lisis, a trav&#xE9;s del cual son generados diversos p&#xE9;ptidos. Dichos p&#xE9;ptidos presentaron actividad antidiab&#xE9;tica y antinflamatoria a los 0 y 90 d&#xED;as. Por lo anterior, se lograron identificar atributos &#xFA;nicos y diferenciadores en el queso Cotija Regi&#xF3;n de Origen que pueden servir como base para el desarrollo de estrategias de marketing, o bien, para continuar en la b&#xFA;squeda de la Denominaci&#xF3;n de Origen Protegida.</subfield>
  </datafield>
  <datafield tag="520" ind1="3" ind2=" ">
    <subfield code="a">The Cotija cheese Region of Origin is an aged cheese made in the mountainous area between the states of Jalisco and Michoacan. Its importance includes nutritional, sensory, commercial, symbolic, and cultural aspects. The objectives of the present investigation were to determine tangible and intangible value attributes in consumers of Cotija cheese and biological activities present during its maturation process. The results showed that human values do not directly influence the consumption of Cotija cheese, however, the psychological meaning granted was mostly symbolic. The willingness to pay a surcharge for Cotija cheese traditional, organic, made by small producers and with some legal-economic protection was 13.5% on average. In addition, it was found that among the valuation attributes that could influence the choice of Cotija cheese, were origin, price and that it had some legal-economic protection. During the cheese ripening process, physicochemical changes were observed, such as a decrease in humidity, a decrease in protein content, and an increase in salt and fat concentration. In the aqueous extracts of the cheeses, a decrease in the content of soluble protein was observed and was related to the proteolysis process, through which various peptides are generated. These peptides showed antidiabetic and anti-inflammatory activity at 0 and 90 days. Due to the above, it was possible to identify unique and differentiating attributes in the Cotija cheese Region of Origin that can serve as a basis for the development of marketing strategies, or to continue in the search for the Protected Designation of Origin.</subfield>
  </datafield>
  <datafield tag="650" ind1="1" ind2="3">
    <subfield code="9">142512</subfield>
    <subfield code="a">Quesos</subfield>
  </datafield>
  <datafield tag="650" ind1="1" ind2="3">
    <subfield code="9">143863</subfield>
    <subfield code="a">P&#xE9;ptidos bioactivos  </subfield>
  </datafield>
  <datafield tag="650" ind1="1" ind2="3">
    <subfield code="9">142991</subfield>
    <subfield code="a">Fabricaci&#xF3;n de queso</subfield>
  </datafield>
  <datafield tag="650" ind1="1" ind2="3">
    <subfield code="9">148252</subfield>
    <subfield code="a">Maduraci&#xF3;n del queso  </subfield>
  </datafield>
  <datafield tag="650" ind1="1" ind2="3">
    <subfield code="9">157794</subfield>
    <subfield code="a">Conducta del consumidor  </subfield>
  </datafield>
  <datafield tag="650" ind1="1" ind2="3">
    <subfield code="9">187570</subfield>
    <subfield code="a">Ciencia del consumidor</subfield>
  </datafield>
  <datafield tag="650" ind1="1" ind2="3">
    <subfield code="9">187577</subfield>
    <subfield code="a">Valor de mercado</subfield>
  </datafield>
  <datafield tag="650" ind1="1" ind2="3">
    <subfield code="9">148387</subfield>
    <subfield code="a">Cheeses  </subfield>
  </datafield>
  <datafield tag="650" ind1="1" ind2="3">
    <subfield code="9">161436</subfield>
    <subfield code="a">Peptides</subfield>
    <subfield code="x">Bioactive properties  </subfield>
  </datafield>
  <datafield tag="650" ind1="1" ind2="3">
    <subfield code="9">146964</subfield>
    <subfield code="a">Cheesemaking</subfield>
  </datafield>
  <datafield tag="650" ind1="1" ind2="3">
    <subfield code="9">148248</subfield>
    <subfield code="a">Cheese ripening  </subfield>
  </datafield>
  <datafield tag="650" ind1="1" ind2="3">
    <subfield code="9">157795</subfield>
    <subfield code="a">Consumer behavior</subfield>
  </datafield>
  <datafield tag="650" ind1="1" ind2="3">
    <subfield code="9">187571</subfield>
    <subfield code="a">Consumer science</subfield>
  </datafield>
  <datafield tag="650" ind1="1" ind2="0">
    <subfield code="9">187578</subfield>
    <subfield code="a">Market value</subfield>
  </datafield>
  <datafield tag="700" ind1="1" ind2=" ">
    <subfield code="9">147446</subfield>
    <subfield code="a">Espejel Garc&#xED;a, Anastacio</subfield>
    <subfield code="e">director</subfield>
  </datafield>
  <datafield tag="700" ind1="1" ind2=" ">
    <subfield code="9">148849</subfield>
    <subfield code="a">Hern&#xE1;ndez Montes, Arturo</subfield>
    <subfield code="e">asesor</subfield>
  </datafield>
  <datafield tag="700" ind1="1" ind2=" ">
    <subfield code="9">161439</subfield>
    <subfield code="a">Hern&#xE1;ndez Rodr&#xED;guez, Blanca Elizabeth</subfield>
    <subfield code="e">asesora</subfield>
  </datafield>
  <datafield tag="856" ind1=" " ind2=" ">
    <subfield code="u">http://10.13.5.2/tesis/tm/2022-SANCHEZ_SOSA_JAZMIN.pdf</subfield>
    <subfield code="z">DESCARGAR PDF</subfield>
  </datafield>
  <datafield tag="942" ind1=" " ind2=" ">
    <subfield code="c">TD</subfield>
  </datafield>
  <datafield tag="999" ind1=" " ind2=" ">
    <subfield code="c">219025</subfield>
    <subfield code="d">219025</subfield>
  </datafield>
  <datafield tag="952" ind1=" " ind2=" ">
    <subfield code="0">0</subfield>
    <subfield code="1">0</subfield>
    <subfield code="2">local</subfield>
    <subfield code="4">0</subfield>
    <subfield code="7">0</subfield>
    <subfield code="8">TesDigM</subfield>
    <subfield code="a">IA_</subfield>
    <subfield code="b">IA_</subfield>
    <subfield code="c">E_L</subfield>
    <subfield code="d">2023-07-11</subfield>
    <subfield code="e">El autor</subfield>
    <subfield code="l">0</subfield>
    <subfield code="p">1201013729</subfield>
    <subfield code="r">2023-07-11 00:00:00</subfield>
    <subfield code="w">2023-07-11</subfield>
    <subfield code="y">TD</subfield>
  </datafield>
  <datafield tag="952" ind1=" " ind2=" ">
    <subfield code="0">0</subfield>
    <subfield code="1">0</subfield>
    <subfield code="2">local</subfield>
    <subfield code="4">0</subfield>
    <subfield code="5">1</subfield>
    <subfield code="7">0</subfield>
    <subfield code="8">TesDigM</subfield>
    <subfield code="a">BD</subfield>
    <subfield code="b">BD</subfield>
    <subfield code="c">E_L</subfield>
    <subfield code="d">2025-02-27</subfield>
    <subfield code="l">0</subfield>
    <subfield code="o">Tesis digital</subfield>
    <subfield code="r">2025-02-27 12:36:07</subfield>
    <subfield code="w">2025-02-27</subfield>
    <subfield code="y">TD</subfield>
  </datafield>
</record>
